Normal view
MARC view
- Mathews, John H.
Entry Personal Name
001 - CONTROL NUMBER
- control field: 39452
003 - CONTROL NUMBER IDENTIFIER
- control field: NUST
005 - DATE AND TIME OF LATEST TRANSACTION
- control field: 20210314131440.0
008 - FIXED-LENGTH DATA ELEMENTS
- fixed length control field: 210314|| aca||aabn | a|a d
040 ## - CATALOGING SOURCE
- Original cataloging agency: NUST
- Transcribing agency: NUST
100 ## - HEADING--PERSONAL NAME
- Personal name: Mathews, John H.
670 ## - SOURCE DATA FOUND
- Source citation: Work cat.: (NUST): Mathews, John H.,, Numerical methods for mathematics, science, and engineering /, c1992.
